Pokémon - Les attaques de Nucléos - Statistiques

Statistiques générales
  • Ce quiz a été pris 10 fois
  • Le résultat moyen est 11 sur 15
Statistiques - réponses
Niveaux Types Noms des attaques % Correct
Niveau 36 Psy Psyko
100%
Niveau 12 Psy Rafale Psy
100%
Départ Normal Abri
86%
Niveau 16 Fée Charme
86%
Départ Psy Choc Mental
86%
Niveau 20 Psy Choc Psy
86%
Niveau 24 Psy Protection
86%
Niveau 40 Psy Échange
71%
Niveau 24 Psy Mur Lumière
71%
Niveau 44 Psy Prescience
71%
Niveau 48 Psy Zone Étrange
71%
Niveau 4 Normal Soin
57%
Niveau 8 Normal Effort
43%
Niveau 28 Psy Interversion
29%
Niveau 33 Normal Balance
14%
Aucun quiz correspondant
Distribution des résultats
% des personnes avec chaque résultat
Percentile par nombre de réponses
Votre historique - résultats
Vous n’avez pas pris ce quiz